Türk siyasi tarihinde Cumhuriyet Halk Partisinin mevkii (Record no. 9545)

MARC details
000 -BAŞLIK
Sabit Uzunlukta Kontrol Alanı 00783na a2200265 4500
999 ## - SİSTEM KONTROL NUMARALARI (KOHA)
Koha Biblionumber 9545
Koha Biblioitemnumber 9545
001 - KONTROL NUMARASI
Denetim Alanı 17830
003 - KONTROL NUMARASI IDENTIFIER
Denetim Alanı MIRAKIL
005 - SON İŞLEM TARİHİ VE ZAMANI
Denetim Alanı 20211214000606.0
008 - SABİT-BOY VERİ ELEMANLARI - GENEL BİLGİLER
Sabit Uzunlukta Kontrol Alanı 161104b tu 000 0
035 ## - SİSTEM KONTROL NUMARASI
Sistem Kontrol Numarası 17830
040 ## - KATALOGLAMA KAYNAK
Orijinal Kataloglama Ajansı Milas
Kataloglama Dili tur
Metne Dönüştürmek Ajansı TR-AnCHP
041 ## - DİL KODU
Metin / Ses Parça Veya Ayrı Başlığın Dil Kodu tur
082 ## - DEWEY ONLU SINIFLANDIRMA NUMARASI
Sınıflandırma Numarası CHP 324.2172
Ürün Numarası G56t 1965
090 ## - SINIFLAMA NUMARASI
Sınıflama Numarası CHP 324.2172 G56t 1965
100 ## - ANA GİRİŞ - KİŞİSEL İSİM
Kişisel Ad Giritlioğlu, Fahir
Bir Adıyla İlişkilendirilen Başlıklar Ve Kelimeler Edirne Milletvekili
245 ## - BAŞLIK TABLOSU
Başlık Türk siyasi tarihinde Cumhuriyet Halk Partisinin mevkii
Sorumluluk Tablosu, Vb Fahir Giritlioğlu
260 ## - YAYIN, DAĞITIM, VB
Yayın, Dağıtım, Vb Yeri Ankara
Yayıncı, Dağıtıcı, Vs Adı [yayl. y.]
Yayın, Dağıtım, Vb Tarihi 1965
Üretici Firma Ayyıldız Matbaası
300 ## - FİZİKSEL TANIM
Kapsam c. <c. 2>.
Boyutlar 23 sm.
610 ## - KONU KATMA GİRİŞ - TOPLANTI ADI
Giriş Elemanı Olarak Kurumsal Ad Veya Yargı Alanı Adı CHP
Genel Alt Bölüm Tarih
650 #0 - KONU KATMA GİRİŞ - TOPİKAL DÖNEM
Topikal Süreli Veya Coğrafi Ad Giriş Elemanı Siyaset ve yönetim
Genel Alt Bölümü Türkiye
Coğrafi Alt Bölümü Türkiye
9 (RLIN) 9
650 #0 - KONU KATMA GİRİŞ - TOPİKAL DÖNEM
Topikal Süreli Veya Coğrafi Ad Giriş Elemanı Siyasi partiler
Genel Alt Bölümü Tarih
9 (RLIN) 807
Coğrafi Alt Bölümü Türkiye
700 ## - KATMA GİRİŞ - KİŞİSEL İSİM
Kişisel Ad
942 ## - EKLENDİ GİRİŞ ELEMANLARI (KOHA)
Sınıflandırma Veya Raf Düzeni Kaynak Dewey Decimal Classification
Koha Öğesi Türü Books
999 ## - SİSTEM KONTROL NUMARALARI (KOHA)
Koha Biblioitemnumber 9545
Holdings
Kalıcı Konum Mevcut Konum Edinme Tarihi Edinim Kaynak Toplam Check-Out'Lar Tam Çağrı Numarası Barkod Tarih Son Görülme İtibaren Geçerli Fiyatlar Koha Öğesi Türü Kullanım Kısıtlamaları Seri Numaralandırma / Kronolojik Sigara Kamu Notu
CHP Kütüphanesi CHP Kütüphanesi 11/04/2016 Bağış   CHP 324.2172 G56t 1965 009127 11/04/2016 11/04/2016 Books      
CHP Kütüphanesi CHP Kütüphanesi 09/24/2019     CHP 324.2172 G56t 1965 011961 09/24/2019 09/24/2019 Books Kütüphane dışına çıkarılamaz c.1 Ertuğrul Çepni bağışıdır.
CHP Kütüphanesi CHP Kütüphanesi 09/24/2019     CHP 324.2172 G56t 1965 011962 09/24/2019 09/24/2019 Books Kütüphane dışına çıkarılamaz c.2 Ertuğrul Çepni bağışıdır.